000 00738nam a2200181 a 4500
001 000038062
005 20240315194914.0
008 130312s2011 dr ad 000 0 spa d
040 _aDO-SdBNP
_bspa
_cBNPHU
100 1 _aFuente,Jorge de la
_964459
245 1 0 _a¿Qué es la metodología d e marco lógico y para qué sirve? :
_bguía para su aplicación /
_cJorge de la Fuente ; presentación Juan Temístocles Montás.
260 _aSanto Domingo :
_bMinisterio de Economía, Planificación y Desarrollo,
_c2011.
300 _a30 p. :
_bil., gráf. ;
_c21 cm.
490 1 _aPlanificación
_v6
500 _aIncluye notas al pie de las páginas
700 1 _aMontás, Juan Temístocles
_d1950-
_979676
830 0 _aPlanificación
_v6
_964460
999 _c37552
_d37552